|
|
|
|
| LEADER |
00000nab a2200000uu 4500 |
| 001 |
vtls011145072 |
| 003 |
SK-MaSNL |
| 005 |
20260303185104.0 |
| 008 |
230222|2003 xo |||||||||||||||||rus| |
| 015 |
|
|
|a SNBRB
|
| 035 |
|
|
|a (urnnbn)urn:nbn:sk:snk:ar-008imx
|
| 035 |
|
|
|a (uuid)1878593c-da29-4667-b445-41e75dd3dfd8
|
| 035 |
|
|
|a urn:nbn:sk:snk-abavy9
|
| 040 |
|
|
|a SNKBUCL
|b slo
|c SNKBUCL
|e AACR2
|
| 041 |
0 |
|
|a rus
|
| 044 |
|
|
|a xo
|c SK
|
| 100 |
1 |
|
|a Červeňák, Andrej,
|d 1932-2012
|4 aut
|9 153402
|
| 245 |
1 |
0 |
|a "Zolotoj vek" russkoj literatury i slovackaja rusistika
|c Andrej Červeňák
|
| 773 |
0 |
|
|t Zborník Filozofickej fakulty Univerzity Komenského
|g Roč. 57, č. 1 (2003), s. 307-313
|
| 958 |
|
|
|a OND
|
| 958 |
|
|
|a EUIPO
|
| 958 |
|
|
|a article14
|
| 999 |
|
|
|c 2129704
|d 2131634
|